800 digits of pi - Statistics

General Stats
  • This quiz has been taken 79 times
  • The average score is 46 of 100
Answer Stats
π ππππππππ % Correct
π 3.141592
100%
π 65358979
80%
π 32384626
73%
π 43383279
67%
π 50288419
67%
π 71693993
67%
π 75105820
63%
π 97494459
63%
π 06286208
60%
π 14808651
60%
π 17067982
60%
π 23078164
60%
π 48253421
60%
π 99862803
60%
π 01938521
57%
π 02841027
57%
π 10555964
57%
π 22317253
57%
π 32823066
57%
π 47093844
57%
π 48111745
57%
π 59408128
57%
π 60955058
57%
π 09756659
53%
π 33446128
53%
π 46229489
53%
π 54930381
53%
π 96442881
53%
π 37867831
50%
π 45432664
50%
π 47564823
50%
π 60348610
50%
π 65271201
50%
π 85669234
50%
π 90914564
50%
π 06315588
47%
π 07260249
47%
π 14127372
47%
π 45870066
47%
π 82133936
47%
π 04665213
43%
π 09209628
43%
π 17488152
43%
π 21861173
43%
π 29254091
43%
π 53054882
43%
π 59195309
43%
π 60011330
43%
π 70365759
43%
π 71536436
43%
π 78925903
43%
π 79310511
43%
π 81932611
43%
π 84146951
43%
π 94151160
43%
π 94330572
43%
π 07021798
40%
π 12714526
40%
π 18857527
40%
π 19491298
40%
π 22473719
40%
π 24891227
40%
π 30860213
40%
π 32000568
40%
π 33673362
40%
π 35608277
40%
π 44065664
40%
π 60943702
40%
π 62379962
40%
π 67481846
40%
π 71762931
40%
π 74956735
40%
π 76694051
40%
π 76752384
40%
π 77053921
40%
π 85480744
40%
π 85771342
40%
π 93818301
40%
π 94946395
40%
π 44090122
37%
π 46549585
37%
π 49534301
37%
π 75778960
37%
π 78721468
37%
π 91736371
37%
π 01995611
33%
π 21290219
33%
π 22796892
33%
π 37105079
33%
π 58923542
33%
π 04995105
30%
π 36297747
30%
π 41815981
30%
π 51870721
30%
π 60864034
30%
π 71309960
30%
π 8372978
30%
π 97317328
30%
π 134999999
30%
π 1609631859
27%
No matching quizzes found
Score Distribution
Percent of People with Each Score
Percentile by Number Answered
Your Score History
You have not taken this quiz